000 00662nam a22002057a 4500
005 20251108175409.0
008 250721s2014 xx 000 0 ara d
082 1 4 _aط/152.41/جيس
100 1 _aجيسن، سينثيا
245 1 0 _aالله يهتم بي: الله الذي يحبني ويعتني بي /
250 _aط2.
264 1 _aعما :
_bأوفير للطباعة والنشر،
_c2014.
300 _a30ص.
490 0 _aكتاب لي فقط
650 1 7 _aالحب(العواطف)
653 _aمرحلة اطفال متوسطة (6-9) سنوات
700 1 _aشحود، نيللي
_eمترجم
942 _2ddc
_cBK
999 _c133150
_d133150